[Event "Stay Safe Play From Home 307"]
[Site "Emanuel Lasker Arena"]
[Date "2020.07.16"]
[Round "3"]
[White "Lamborghini"]
[Black "Scorpio New"]
[Result "1-0"]
[WhiteElo "2175"]
[BlackElo "2060"]
[Annotator "TA"]
[PlyCount "101"]
[EventDate "2020.07.16"]
[EventType "swiss (blitz)"]

{[%evp 10,100,58,53,84,55,99,103,104,68,63,69,67,74,118,120,115,83,107,81,258,259,247,226,460,453,729,612,710,557,960,583,582,547,622,631,622,394,338,155,267,268,677,566,3238,269,253,15,124,124,220,204,415,225,639,620,1901,1860,1595,1535,6045,6965,472,3169,12841,12841,29991,804,796,783,745,737,12838,12838,12838,12839,29981,29982,29982,12840,29983,29981,29999,29999,29999,29996,29996,29994,29997,29996,29999,29999,29999]} 1. e4 d6 2. d4 c6 3. Nc3 g6 4. f4 Bg7 5. Nf3 Nd7 6. Be3 Qc7 {B06: Modern Defence.} 7. e5 {[#]} e6 $146 ({Predecessor:} 7... b5 8. Bd3 b4 9. Ne4 c5 10. c3 Nh6 11. O-O c4 12. Bc2 d5 13. Nf2 bxc3 14. bxc3 {0-1 (80) Tavagwisa,L (1751)-Nene,T (1954) Johannesburg 2015}) 8. Ne4 Bf8 {White is better.} 9. Nxd6+ (9. g4 {is more complex.} d5 10. Ng3 h5 11. gxh5 gxh5 12. Rg1) 9... Bxd6 10. exd6 Qxd6 11. Qd2 $36 {[%mdl 2048] White is really pushing.} Qe7 12. O-O-O Ngf6 13. h3 Nd5 14. Bf2 h5 $2 (14... b5 $16 {keeps fighting.}) 15. c4 $18 N5f6 16. Bd3 Nb6 $2 (16... b5 {was necessary.} 17. Rhe1 (17. cxb5 cxb5 18. Bh4 O-O $14) 17... bxc4 18. Bxc4 Nd5) 17. Bh4 O-O (17... a5 $142 18. Rhe1 Nbd7) 18. Rhe1 Nbd7 19. Ne5 b6 20. Nxd7 Bxd7 {[#]} 21. g4 $1 {[%mdl 512]} hxg4 22. hxg4 Kg7 23. d5 cxd5 24. cxd5 (24. Qc3 $18 {has better winning chances.}) 24... Qc5+ (24... Rh8 $16) 25. Kb1 exd5 $2 (25... Nxd5 26. Be4 Bc6) 26. f5 {Black must now prevent Bxf6+.} Rac8 27. g5 $2 (27. Bxf6+ Kxf6 28. Qh6 $1 {[%mdl 512]}) 27... Nh5 28. f6+ $2 (28. Bf2 $1 $18 {[%cal Rf2c5]} d4 29. Be4) 28... Kh7 (28... Kg8 $11 {remains equal.}) 29. Bf2 $16 {[%mdl 1024] White has strong compensation. Black is on the road to losing.} Qd6 {[#]} (29... Qa5 $16) 30. Rh1 $1 $18 {[%cal Rh1h5] Hoping for Rxh5+.} Kg8 $2 {[#]} (30... Bg4 {was called for.} 31. Rdg1 Qe6) 31. Rh4 (31. Rxh5 $142 $1 {[%mdl 512]} gxh5 32. Bd4) 31... Be6 $2 (31... Rfe8 32. Rg1 Rc6) 32. Rdh1 Qc6 {and the idea ...Rc7 leaves Black hopeful.} 33. Rxh5 gxh5 34. Rxh5 Qc1+ 35. Qxc1 Rxc1+ 36. Kxc1 d4 37. Kd2 Bf5 38. g6 (38. Bxf5 $142 b5 39. g6 {[%mdl 64] Overworked Piece} fxg6 40. Be6+ {[%mdl 64] Discovered Attack} Rf7 41. Rh6 g5 42. Bxd4 a5 43. Rg6+ {[%mdl 64] Double Attack} Kh8 44. Bxf7 Kh7 45. Rxg5 Kh8 46. Rh5#) 38... Bxg6 39. Bxg6 fxg6 {[%mdl 4096] Endgame KRB-KR} 40. Rd5 Kf7 41. Bxd4 Ke6 42. Re5+ Kf7 43. Re7+ {[%mdl 64] Double Attack} Kg8 44. Rg7+ {[%mdl 64] Double Attack} Kh8 45. f7 {White mates.} Rg8 46. Rxg8+ Kh7 47. Rg7+ Kh6 {[#]} 48. Rxg6+ $1 Kh5 (48... Kxg6 49. f8=Q) 49. f8=Q {[%csl Gg6][%cal Rf8h6]} Kh4 50. Qg7 {[%cal Rg7h8]} Kh3 51. Qh7# {Accuracy: White = 52%, Black = 25%.} 1-0

[Event "Stay Safe Play From Home 307"]
[Site "Emanuel Lasker Arena"]
[Date "2020.07.16"]
[Round "3"]
[White "Lazieri3"]
[Black "Greblha"]
[Result "1-0"]
[WhiteElo "2128"]
[BlackElo "1915"]
[Annotator "RC"]
[PlyCount "131"]
[EventDate "2020.07.16"]
[EventType "swiss (blitz)"]

1. e4 {[%emt 0:00:01]} c6 {[%emt 0:00:00]} 2. Nc3 {[%emt 0:00:00]} d5 {[%emt 0:00:00]} 3. d4 {[%emt 0:00:00]} dxe4 {[%emt 0:00:01]} 4. Nxe4 {[%emt 0:00:00]} Nf6 {[%emt 0:00:00]} 5. Nxf6+ {[%emt 0:00:01]} gxf6 {[%emt 0:00:02]} 6. c3 {[%emt 0:00:00]} Bf5 {[%emt 0:00:01]} 7. Nf3 {[%emt 0:00:00]} e6 {[%emt 0:00:00]} 8. Bf4 {[%emt 0:00:00]} Bd6 {[%emt 0:00:01]} 9. Bxd6 {[%emt 0:00:02]} Qxd6 {[%emt 0:00:01]} 10. Bd3 {[%emt 0:00:00]} Bg4 {[%emt 0:00:01]} 11. h3 {[%emt 0:00:01]} Bh5 {[%emt 0:00:01]} 12. Qe2 {[%emt 0:00:01]} f5 {[%emt 0:00:01]} 13. Qe3 {[%emt 0:00:02]} Qd5 {[%emt 0:00:01]} 14. a3 {[%emt 0:00:04]} Bxf3 {[%emt 0:00:01]} 15. Qxf3 {[%emt 0:00:00]} Qxf3 {[%emt 0:00:01]} 16. gxf3 {[%emt 0:00:00]} Rg8 {[%emt 0:00:01]} 17. Ke2 {[%emt 0:00:01]} Nd7 {[%emt 0:00:01]} 18. Rag1 {[%emt 0:00:01]} Ke7 {[%emt 0:00:01]} 19. Rg3 {[%emt 0:00:01]} f4 {[%emt 0:00:02]} 20. Rxg8 {[%emt 0:00:01]} Rxg8 {[%emt 0:00:01]} 21. Bxh7 {[%emt 0:00:00]} Rh8 {[%emt 0:00:01]} 22. Be4 {[%emt 0:00:01]} Nf6 {[%emt 0:00:00]} 23. h4 {[%emt 0:00:02]} Rh5 {[%emt 0:00:02]} 24. Rh2 {[%emt 0:00:04]} Nd7 {[%emt 0:00:02]} 25. Bd3 {[%emt 0:00:04]} f5 {[%emt 0:00:01]} 26. c4 {[%emt 0:00:02]} Nf8 {[%emt 0:00:01]} 27. Rg2 {[%emt 0:00:01]} Rxh4 {[%emt 0:00:03]} 28. Rg7+ {[%emt 0:00:01]} Kd6 {[%emt 0:00:03]} 29. Rxb7 {[%emt 0:00:00]} Nd7 {[%emt 0:00:02]} 30. Rxa7 {[%emt 0:00:03]} e5 {[%emt 0:00:01]} 31. dxe5+ {[%emt 0:00:01]} Nxe5 {[%emt 0:00:01]} 32. Bxf5 {[%emt 0:00:01]} Rh2 {[%emt 0:00:02]} 33. b4 {[%emt 0:00:02]} Nxc4 {[%emt 0:00:01]} 34. Rd7+ {[%emt 0:00:02]} Ke5 {[%emt 0:00:01]} 35. Be4 {[%emt 0:00:01]} Nxa3 {[%emt 0:00:01]} 36. Bxc6 {[%emt 0:00:02]} Nb1 {[%emt 0:00:02]} 37. b5 {[%emt 0:00:01]} Nc3+ {[%emt 0:00:01]} 38. Kd3 {[%emt 0:00:00]} Na4 {[%emt 0:00:02]} 39. Rd5+ {[%emt 0:00:01]} Ke6 {[%emt 0:00:01]} 40. Rg5 {[%emt 0:00:01]} Rxf2 {[%emt 0:00:01]} 41. Ke4 {[%emt 0:00:01]} Nc3+ {[%emt 0:00:02]} 42. Kxf4 {[%emt 0:00:00]} Ne2+ {[%emt 0:00:01]} 43. Ke3 {[%emt 0:00:01]} Rh2 {[%emt 0:00:01]} 44. f4 {[%emt 0:00:02]} Nc3 {[%emt 0:00:01]} 45. f5+ {[%emt 0:00:01]} Kf6 {[%emt 0:00:02]} 46. Rg3 {[%emt 0:00:02]} Nd1+ {[%emt 0:00:01]} 47. Kd4 {[%emt 0:00:00]} Rd2+ {[%emt 0:00:02]} 48. Kc5 {[%emt 0:00:01]} Nf2 {[%emt 0:00:00]} 49. Kb6 {[%emt 0:00:00]} Ne4 {[%emt 0:00:01]} 50. Bxe4 {[%emt 0:00:01]} Ke5 {[%emt 0:00:01]} 51. Rg6 {[%emt 0:00:00]} Rd6+ {[%emt 0:00:00]} 52. Rxd6 {[%emt 0:00:01]} Kxd6 {[%emt 0:00:00]} 53. f6 {[%emt 0:00:01]} Ke5 {[%emt 0:00:00]} 54. Kc7 {[%emt 0:00:00]} Kxf6 {[%emt 0:00:01]} 55. b6 {[%emt 0:00:00]} Ke5 {[%emt 0:00:00]} 56. b7 {[%emt 0:00:00]} Kxe4 {[%emt 0:00:00]} 57. b8=Q {[%emt 0:00:00]} Ke5 {[%emt 0:00:00]} 58. Qd8 {[%emt 0:00:00]} Ke4 {[%emt 0:00:01]} 59. Qd6 {[%emt 0:00:00]} Kf5 {[%emt 0:00:00]} 60. Kc6 {[%emt 0:00:00]} Kg4 {[%emt 0:00:01]} 61. Qd5 {[%emt 0:00:00]} Kf4 {[%emt 0:00:02]} 62. Kd6 {[%emt 0:00:00]} Kg3 {[%emt 0:00:00]} 63. Qe5+ {[%emt 0:00:00]} Kf2 {[%emt 0:00:00]} 64. Kd5 {[%emt 0:00:00]} Kf3 {[%emt 0:00:00]} 65. Kd4 {[%emt 0:00:00]} Kg4 {[%emt 0:00:00]} 66. Qf6 {[%emt 0:00:00] (Lag: Av=0.51s, max=1.1s)} 1-0

[Event "Stay Safe Play From Home 307"]
[Site "Emanuel Lasker Arena"]
[Date "2020.07.16"]
[Round "3"]
[White "Haris kollari 13"]
[Black "Buzaglo"]
[Result "0-1"]
[WhiteElo "1709"]
[BlackElo "2003"]
[Annotator "NA RC"]
[PlyCount "74"]
[EventDate "2020.07.16"]
[EventType "swiss (blitz)"]

1. e4 {[%emt 0:00:01]} e6 {[%emt 0:00:00]} 2. f4 {[%emt 0:00:01]} d5 {[%emt 0:00:00]} 3. e5 {[%emt 0:00:00]} c5 {[%emt 0:00:00]} 4. Nf3 {[%emt 0:00:01]} Nc6 {[%emt 0:00:00]} 5. b3 {[%emt 0:00:00]} d4 {[%emt 0:00:00]} 6. Bb2 {[%emt 0:00:01]} f6 {[%emt 0:00:00]} 7. d3 {[%emt 0:00:01]} fxe5 {[%emt 0:00:01]} 8. fxe5 {[%emt 0:00:01]} Qc7 {[%emt 0:00:00]} 9. Qe2 {[%emt 0:00:02]} Nge7 {[%emt 0:00:01]} 10. Nbd2 {[%emt 0:00:01]} Ng6 {[%emt 0:00:00]} 11. Nc4 {[%emt 0:00:01]} b5 {[%emt 0:00:02]} 12. Na3 {[%emt 0:00:02]} a6 {[%emt 0:00:02]} 13. O-O-O {[%emt 0:00:03]} Ncxe5 {[%emt 0:00:01]} 14. Re1 {[%emt 0:00:05]} Nxf3 {[%emt 0:00:02]} 15. gxf3 {[%emt 0:00:01]} Bd6 {[%emt 0:00:02]} 16. Bh3 {[%emt 0:00:01]} O-O {[%emt 0:00:01]} 17. Bxe6+ {[%emt 0:00:02]} Bxe6 {[%emt 0:00:00]} 18. Qxe6+ {[%emt 0:00:01]} Kh8 {[%emt 0:00:00]} 19. Kb1 {[%emt 0:00:02]} Nf4 {[%emt 0:00:01]} 20. Qg4 {[%emt 0:00:03]} Ng6 {[%emt 0:00:02]} 21. h4 {[%emt 0:00:02]} Ne5 {[%emt 0:00:02]} 22. Qg2 {[%emt 0:00:05]} Nxf3 {[%emt 0:00:01]} 23. Ref1 {[%emt 0:00:01]} Ne5 {[%emt 0:00:04]} 24. h5 {[%emt 0:00:01]} Rf7 {[%emt 0:00:03]} 25. Qxa8+ {[%emt 0:00:02]} Bf8 {[%emt 0:00:04]} 26. Rxf7 {[%emt 0:00:01]} Qxf7 {[%emt 0:00:01]} 27. Qe4 {[%emt 0:00:02]} h6 {[%emt 0:00:01]} 28. Re1 {[%emt 0:00:02]} Nd7 {[%emt 0:00:02]} 29. Qe6 {[%emt 0:00:02]} Qxe6 {[%emt 0:00:03]} 30. Rxe6 {[%emt 0:00:01]} Nf6 {[%emt 0:00:00]} 31. Rxa6 {[%emt 0:00:02]} Nxh5 {[%emt 0:00:01]} 32. Nxb5 {[%emt 0:00:01]} Kg8 {[%emt 0:00:00]} 33. Nc7 {[%emt 0:00:01]} Kh7 {[%emt 0:00:01]} 34. Ne6 {[%emt 0:00:01]} Be7 {[%emt 0:00:01]} 35. Ra7 {[%emt 0:00:01]} Bf6 {[%emt 0:00:00]} 36. Nxc5 {[%emt 0:00:03]} Nf4 {[%emt 0:00:01]} 37. Ne4 {[%emt 0:00:02]} Kg6 {[%emt 0:00:01] Time (Lag: Av=0.48s, max=0.8s)} 0-1

[Event "Stay Safe Play From Home 307"]
[Site "Emanuel Lasker Arena"]
[Date "2020.07.16"]
[Round "3"]
[White "Bishop91"]
[Black "Grazie"]
[Result "0-1"]
[WhiteElo "1702"]
[BlackElo "1916"]
[Annotator "NA RC"]
[PlyCount "92"]
[EventDate "2020.07.16"]
[EventType "swiss (blitz)"]

1. e4 {[%emt 0:00:02]} e6 {[%emt 0:00:00]} 2. Nc3 {[%emt 0:00:01]} d5 {[%emt 0:00:00]} 3. exd5 {[%emt 0:00:01]} exd5 {[%emt 0:00:00]} 4. d4 {[%emt 0:00:00]} c6 {[%emt 0:00:00]} 5. Bd3 {[%emt 0:00:01]} Nf6 {[%emt 0:00:00]} 6. Nge2 {[%emt 0:00:01]} Bd6 {[%emt 0:00:00]} 7. Be3 {[%emt 0:00:01]} O-O {[%emt 0:00:01]} 8. Qd2 {[%emt 0:00:00]} Bg4 {[%emt 0:00:01]} 9. O-O-O {[%emt 0:00:01]} Bxe2 {[%emt 0:00:00]} 10. Nxe2 {[%emt 0:00:02]} Nbd7 {[%emt 0:00:00]} 11. c3 {[%emt 0:00:01]} Qc7 {[%emt 0:00:00]} 12. f4 {[%emt 0:00:01]} Rae8 {[%emt 0:00:02]} 13. h3 {[%emt 0:00:02]} h6 {[%emt 0:00:02]} 14. g4 {[%emt 0:00:00]} Re7 {[%emt 0:00:02]} 15. Ng3 {[%emt 0:00:01]} Rxe3 {[%emt 0:00:02]} 16. Rhe1 {[%emt 0:00:00]} Rxe1 {[%emt 0:00:01]} 17. Rxe1 {[%emt 0:00:01]} Bxf4 {[%emt 0:00:01]} 18. Re3 {[%emt 0:00:01]} Bxe3 {[%emt 0:00:01]} 19. Qxe3 {[%emt 0:00:02]} Re8 {[%emt 0:00:03]} 20. Qf3 {[%emt 0:00:00]} Re1+ {[%emt 0:00:03]} 21. Kd2 {[%emt 0:00:01]} Re7 {[%emt 0:00:02]} 22. Nf5 {[%emt 0:00:01]} Re6 {[%emt 0:00:01]} 23. h4 {[%emt 0:00:04]} Ne4+ {[%emt 0:00:01]} 24. Kc2 {[%emt 0:00:05]} Qa5 {[%emt 0:00:03]} 25. g5 {[%emt 0:00:02]} Qa4+ {[%emt 0:00:01]} 26. Kc1 {[%emt 0:00:06]} Qxa2 {[%emt 0:00:01]} 27. gxh6 {[%emt 0:00:03]} g6 {[%emt 0:00:01]} 28. Bb1 {[%emt 0:00:07]} Qc4 {[%emt 0:00:02]} 29. Qg2 {[%emt 0:00:03]} Kh7 {[%emt 0:00:02]} 30. Ng7 {[%emt 0:00:02]} Nxc3 {[%emt 0:00:06]} 31. bxc3 {[%emt 0:00:02]} Qxc3+ {[%emt 0:00:01]} 32. Bc2 {[%emt 0:00:00]} Qe3+ {[%emt 0:00:01]} 33. Kb1 {[%emt 0:00:01]} Qxd4 {[%emt 0:00:02]} 34. h5 {[%emt 0:00:00]} Qb4+ {[%emt 0:00:02]} 35. Kc1 {[%emt 0:00:02]} Re1+ {[%emt 0:00:01]} 36. Bd1 {[%emt 0:00:00]} Qa3+ {[%emt 0:00:03]} 37. Kd2 {[%emt 0:00:01]} Qb4+ {[%emt 0:00:02]} 38. Kc2 {[%emt 0:00:00]} Rxd1 {[%emt 0:00:01]} 39. Kxd1 {[%emt 0:00:01]} Qa4+ {[%emt 0:00:00]} 40. Kd2 {[%emt 0:00:00]} Qb4+ {[%emt 0:00:01]} 41. Ke2 {[%emt 0:00:00]} Qb2+ {[%emt 0:00:01]} 42. Kf1 {[%emt 0:00:00]} Qxg2+ {[%emt 0:00:00]} 43. Kxg2 {[%emt 0:00:00]} Kxh6 {[%emt 0:00:02]} 44. hxg6 {[%emt 0:00:02]} Kxg7 {[%emt 0:00:01]} 45. gxf7 {[%emt 0:00:00]} Kxf7 {[%emt 0:00:00]} 46. Kf3 {[%emt 0:00:01]} Nc5 {[%emt 0:00:00] Time (Lag: Av=0.34s, max=0.6s)} 0-1

[Event "Stay Safe Play From Home 307"]
[Site "Emanuel Lasker Arena"]
[Date "2020.07.16"]
[Round "4"]
[White "AChessPlayer"]
[Black "Hetou"]
[Result "0-1"]
[WhiteElo "2422"]
[BlackElo "2492"]
[Annotator "TA"]
[PlyCount "100"]
[EventDate "2020.07.16"]
[EventType "swiss (blitz)"]

{[%evp 11,100,16,16,20,23,5,14,0,0,7,14,10,17,16,7,9,27,23,22,17,60,20,18,10,9,0,35,6,60,0,0,10,14,0,0,0,0,-59,0,-6,8,-14,0,0,4,-91,-91,-86,-92,-104,-102,-112,-110,-108,-100,-136,-150,-206,-216,-209,-201,-317,-317,-324,-316,-304,-316,-397,-403,-432,-446,-453,-435,-454,-401,-429,-422,-435,-415,-561,-559,-604,-594,-689,-688,-907,-886,-950,-935,-1294,-1283]} 1. e4 e6 2. Nf3 d5 3. exd5 exd5 4. d4 Nf6 5. Bd3 Be7 6. O-O O-O 7. Re1 {C01: French: Exchange Variation.} Re8 8. Nbd2 Bg4 9. h3 {The position is equal.} Bh5 10. Nf1 c6 11. Ng3 Bg6 {[#]} 12. Nf5 $146 ({Predecessor:} 12. Ne5 Nbd7 13. f4 Bxd3 14. Qxd3 Nf8 15. Bd2 Qb6 16. c3 {0-1 (51) Diaz Camallonga,C (2467)-Skatchkov,V (2242) chess.com INT 2020}) 12... Bxf5 13. Bxf5 g6 14. Bd3 Nbd7 15. c3 Nf8 16. Bg5 Ne6 17. Be3 Bf8 18. Qd2 Ng7 19. a4 Bd6 (19... Ne4 $11 20. Qc2 Bd6) 20. a5 ({White should play} 20. Bg5 $14) 20... Ne4 $11 21. Qc2 a6 22. Nd2 Nxd2 23. Qxd2 Bc7 24. Bg5 (24. b4 $11) 24... Qd6 (24... Rxe1+ $1 $15 25. Rxe1 Qd6) 25. g3 Ne6 26. Be3 Qd7 27. b4 Ng7 28. Bf4 (28. Kg2 $11 {remains equal.}) 28... Bxf4 $17 {Black keeps a firm grip on the game.} 29. Qxf4 Qxh3 30. Bf1 Qd7 31. Kh2 Ne6 {[%cal Bg7e6,Be6g5,Bg5e4][%mdl 32]} 32. Qh6 Qe7 33. Bh3 Qf6 34. Kg2 (34. Bg2 $17) 34... Ng5 $19 {And now ...Qf3+ would win.} 35. Bg4 {[#]} Ne4 $1 36. Bf3 (36. Qe3 $142) 36... Nxc3 37. Rh1 Qg7 ({Don't do} 37... Qxd4 38. Qxh7+ Kf8 39. Rac1 $19) 38. Qf4 Nb5 39. Rh2 Qxd4 40. Qxd4 Nxd4 41. Bd1 Kg7 42. Ra3 Ne6 43. Rd3 Nf8 44. Rd2 Re4 45. f4 Rxb4 {Black is clearly winning.} 46. Bf3 Re8 47. g4 Re3 48. g5 Rxf4 49. Rf2 Rf5 50. Bg4 Rxg5 {Accuracy: White = 63%, Black = 85%.} 0-1

[Event "Stay Safe Play From Home 307"]
[Site "Emanuel Lasker Arena"]
[Date "2020.07.16"]
[Round "4"]
[White "Tolka"]
[Black "Lamborghini"]
[Result "1-0"]
[WhiteElo "2325"]
[BlackElo "2187"]
[Annotator "TA"]
[PlyCount "109"]
[EventDate "2020.07.16"]
[EventType "swiss (blitz)"]

{[%evp 25,109,38,32,36,39,30,72,72,72,62,95,57,49,62,62,37,39,37,37,14,16,8,30,0,29,10,16,15,31,-24,22,10,47,25,121,26,27,27,57,54,106,75,112,80,89,11,7,8,16,13,181,174,237,93,273,259,399,396,1412,1539,2701,2593,1735,1349,3245,2823,6211,5942,2822,2222,29973,29975,29975,29976,29980,29981,29984,29985,29986,29987,29990,29991,29992,29986,29993,29994]} 1. e4 d6 2. Nc3 Nf6 3. d4 g6 4. f4 Bg7 5. Nf3 O-O 6. Bd3 Nc6 7. e5 dxe5 8. fxe5 Nd5 9. Nxd5 Qxd5 10. c3 Bg4 11. O-O f6 12. Qe2 Kh8 13. exf6 exf6 {[#]} 14. h3 $146 {B09: Pirc Defence: Austrian Attack.} ({Predecessor:} 14. Bf4 Qd7 15. Rae1 Rae8 16. Qd2 Ne7 17. h3 Bf5 18. c4 c6 19. Bxf5 Nxf5 20. d5 g5 21. Bh2 cxd5 22. cxd5 {½-½ (87) Perpinya Rofes,L (2385)-Movsziszian,K (2560) Sabadell 2008}) 14... Rae8 15. Qf2 (15. Qd2 {is more complex.} Bxf3 16. Rxf3 f5 17. Qf4 Re1+ 18. Rf1) 15... Bxf3 16. Qxf3 {White is better.} Qxf3 17. Rxf3 f5 18. Bd2 Ne7 19. Re1 Nd5 20. Rff1 c6 21. Rxe8 Rxe8 22. Re1 Rxe1+ 23. Bxe1 $11 {[%mdl 4096] Endgame KBB-KBN} Bf6 24. Kf1 Kg7 25. Bd2 h6 26. c4 Ne7 27. Bc3 (27. Be3 $14) 27... Nc8 28. Ke2 Nd6 29. Ke3 b5 {[#]} (29... Kf7 $11 {keeps the balance.}) 30. b3 (30. c5 $1 $16 {[%cal Rc5d6]} Ne8 31. Be2) 30... bxc4 31. bxc4 Kf7 32. Bb4 Nb7 (32... Ke6 $14) 33. Be2 Be7 34. a3 c5 {[#]} 35. Bc3 (35. dxc5 $1 $16 {aiming for c6.} Bxc5+ 36. Bxc5 Nxc5 37. Kd4 Ne6+ 38. Ke5) 35... cxd4+ 36. Bxd4 a5 37. Bf3 Nd6 $2 {White stays focused until the end.} (37... Nc5 $11 {and Black is okay.}) 38. Bd5+ $18 Ke8 (38... Kf8 {was called for.} 39. a4 Ne8) 39. Bb6 (39. c5 $18 {is more deadly.}) 39... Kd7 $2 (39... Nc8 $16 40. Bc6+ (40. Bxa5 Bxa3 41. Kd4 Kd7 $16) 40... Kf7 41. Bxa5 Bc5+ 42. Kd3 Bxa3) 40. Bxa5 Ne4 (40... Nc8 $142 41. Bb4 Bf6) 41. Bxe4 fxe4 $2 {KB-KB} (41... Bc5+ 42. Kf3 fxe4+ 43. Kxe4 Bxa3) 42. Bb4 Bg5+ 43. Kxe4 Kc6 44. a4 Bd8 45. Ke5 h5 46. Ke6 g5 47. Kf5 g4 48. hxg4 {White mates.} hxg4 49. Kxg4 Kb7 50. Kf5 Ka6 51. g4 Kb7 52. g5 Kc6 53. g6 Be7 54. Ke6 Bf8 55. Bxf8 {Accuracy: White = 67%, Black = 37%.} 1-0

[Event "Stay Safe Play From Home 307"]
[Site "Emanuel Lasker Arena"]
[Date "2020.07.16"]
[Round "4"]
[White "Little champs"]
[Black "Bishop91"]
[Result "1-0"]
[WhiteElo "2315"]
[BlackElo "1695"]
[Annotator "NA RC"]
[PlyCount "59"]
[EventDate "2020.07.16"]
[EventType "swiss (blitz)"]

1. d4 {[%emt 0:00:02]} d5 {[%emt 0:00:01]} 2. e3 {[%emt 0:00:00]} Nf6 {[%emt 0:00:01]} 3. Nf3 {[%emt 0:00:00]} e6 {[%emt 0:00:00]} 4. Be2 {[%emt 0:00:00]} Be7 {[%emt 0:00:01]} 5. O-O {[%emt 0:00:00]} O-O {[%emt 0:00:01]} 6. c4 {[%emt 0:00:00]} c5 {[%emt 0:00:01]} 7. cxd5 {[%emt 0:00:00]} cxd4 {[%emt 0:00:01]} 8. dxe6 {[%emt 0:00:01]} Bxe6 {[%emt 0:00:01]} 9. Nxd4 {[%emt 0:00:01]} Bd5 {[%emt 0:00:02]} 10. Nc3 {[%emt 0:00:00]} Bc6 {[%emt 0:00:01]} 11. Nxc6 {[%emt 0:00:02]} Nxc6 {[%emt 0:00:00]} 12. Bf3 {[%emt 0:00:00]} Qxd1 {[%emt 0:00:03]} 13. Rxd1 {[%emt 0:00:01]} Rfd8 {[%emt 0:00:00]} 14. Bd2 {[%emt 0:00:01]} Bb4 {[%emt 0:00:01]} 15. a3 {[%emt 0:00:01]} Ba5 {[%emt 0:00:03]} 16. b4 {[%emt 0:00:02]} Bc7 {[%emt 0:00:01]} 17. Nb5 {[%emt 0:00:01]} Bb6 {[%emt 0:00:03]} 18. Bc3 {[%emt 0:00:01]} Nd5 {[%emt 0:00:02]} 19. Bxd5 {[%emt 0:00:01]} Ne7 {[%emt 0:00:02]} 20. Bxb7 {[%emt 0:00:01]} Rab8 {[%emt 0:00:01]} 21. Bf3 {[%emt 0:00:01]} Rbc8 {[%emt 0:00:00]} 22. Bd4 {[%emt 0:00:01]} Bxd4 {[%emt 0:00:01]} 23. Nxd4 {[%emt 0:00:01]} Nd5 {[%emt 0:00:01]} 24. Nf5 {[%emt 0:00:02]} Nf6 {[%emt 0:00:01]} 25. Ne7+ {[%emt 0:00:01]} Kf8 {[%emt 0:00:01]} 26. Nxc8 {[%emt 0:00:00]} Rxc8 {[%emt 0:00:00]} 27. Rac1 {[%emt 0:00:01]} Re8 {[%emt 0:00:01]} 28. Rc7 {[%emt 0:00:01]} g6 {[%emt 0:00:01]} 29. Rxa7 {[%emt 0:00:01]} Nd7 {[%emt 0:00:00]} 30. Rdxd7 {[%emt 0:00:01] Bishop91 resigns (Lag: Av=0.67s, max=1.5s)} 1-0

[Event "Stay Safe Play From Home 307"]
[Site "Emanuel Lasker Arena"]
[Date "2020.07.16"]
[Round "4"]
[White "Lazieri3"]
[Black "Broken sword"]
[Result "0-1"]
[WhiteElo "2136"]
[BlackElo "2423"]
[Annotator "TA"]
[PlyCount "118"]
[EventDate "2020.07.16"]
[EventType "swiss (blitz)"]

{[%evp 9,117,-36,-33,-62,-56,-53,-56,-62,-62,-74,-65,-108,-39,-45,-39,-132,-58,-68,-64,-60,-42,-57,-57,-70,-60,-111,-115,-94,-78,-119,-110,-105,-99,-208,-154,-229,-145,-239,-147,-287,-301,-291,-291,-287,-294,-288,-287,-453,-442,-448,-427,-460,-440,-696,-690,-787,-765,-852,-832,-881,-843,-1022,-1001,-1241,-832,-1412,-1386,-1363,-732,-1252,-1316,-1164,-966,-4902,-4902,-5498,-5165,-5135,-5043,-29988,-29989,-29989,-29990,-29991,-29992,-29992,-29993,-29993,-29994,-29995,-29993,-29993,-29993,-29995,-29994,-29994,-29993,-29993,-29994,-29994,-29995,-29995,-29996,-29996,-29997,-29997,-29998,-29998,-29999,-29999]} 1. e4 c5 2. Nc3 e6 3. d3 a6 4. Nf3 d5 5. Bg5 {[#]} f6 $146 ({Predecessor:} 5... Be7 6. Bxe7 Nxe7 7. d4 cxd4 8. Qxd4 O-O 9. exd5 exd5 10. Bd3 Nbc6 11. Qh4 Bf5 12. O-O-O Bxd3 13. Rxd3 {0-1 (58) Sana,M (2132)-Sheng,J (2236) Orlando 2014}) 6. Bf4 {B40: Sicilian: 2...e6, Unusual lines.} d4 $1 {aiming for ...e5.} 7. Ne2 e5 8. Bg3 {Black is slightly better.} Nc6 9. Nd2 Be6 10. f4 Bd6 (10... g6 $17 11. fxe5 fxe5) 11. f5 $1 $15 {[%cal Rf5e6]} Bf7 12. Ng1 ({White should try} 12. Nc1 $15) 12... Nge7 (12... g6 $17 13. fxg6 hxg6) 13. Ngf3 Qd7 14. Be2 b5 15. c3 Nc8 16. O-O Nb6 17. a3 ({White should play} 17. Bf2 $15) 17... dxc3 $17 18. bxc3 Be7 19. Rb1 Na4 20. Qc2 O-O 21. Nb3 (21. Kh1 $17) 21... Rfc8 22. Rfd1 (22. Bf2 $17) 22... Qe8 23. Qd2 (23. Be1 $17) 23... Qf8 24. d4 (24. c4 $17) 24... cxd4 25. cxd4 exd4 26. Nbxd4 Nxd4 27. Nxd4 Nc3 ({Don't do} 27... Bxa3 28. Bf3 $19) 28. Bf3 (28. Ne6 {might work better.} Bxe6 29. fxe6) 28... Nxb1 29. Rxb1 Bc5 30. e5 {[#]} fxe5 $1 {[%mdl 576] Pin} 31. Bxa8 (31. Bxe5 $142 Re8 32. Bg3) 31... Bxd4+ $19 32. Kh1 Rxa8 33. Re1 Rc8 34. h3 Bc3 {[%mdl 64] Skewer} 35. Qe2 Bxe1 36. Qxe1 Qe7 37. Qxe5 Qxe5 38. Bxe5 Rc1+ 39. Kh2 Rc5 40. Bd6 Rxf5 41. g4 Rd5 42. Bb4 Rd3 43. Kg2 {[#]} a5 $1 44. Kf2 (44. Bxa5 Bd5+) 44... axb4 {Black mates.} 45. axb4 Bc4 46. Kg2 Kf7 47. g5 Ke6 48. h4 Ke5 49. h5 Kd4 50. h6 gxh6 51. gxh6 Kc3 52. Kf2 Kxb4 53. Kg2 Kc3 54. Kf2 b4 55. Kg2 b3 56. Kf2 b2 57. Kg2 b1=Q 58. Kf2 Qc2+ 59. Ke1 Rd1# {Accuracy: White = 27%, Black = 68%.} 0-1